| 000 | 01092cam a2200241 a 4500 | ||
|---|---|---|---|
| 001 | 000002545 | ||
| 005 | 20200929150218.0 | ||
| 008 | 990506s2000 it bc f001 0 ita d | ||
| 020 | _a8871251830 (v. 2) | ||
| 040 |
_aDO-SdBNP _bspa _cBNPHU |
||
| 082 |
_a016.36 _bG946 |
||
| 110 | 1 |
_aItalia _aArchivio Centrale dello Stato _97998 |
|
| 245 | 1 | 0 | _aGuida alle fonti per la storia del brigantaggio postunitario conservate negli Archivi di Stato. |
| 260 |
_aRoma : _bMinistero per i Beni Culturali e le Attivita Culturali, Ufficio Centrale per i Beni Archivistici, _c2000. |
||
| 300 |
_av. ; _c24 cm. |
||
| 490 | 1 |
_aPubblicazioni degli Archivi di Stato : _pStrumenti ; _v139 |
|
| 500 | _ala biblioteca sólo posee el volumen 2. | ||
| 504 | _aIncluye referencias bibliografías e índice. | ||
| 610 | 2 | 0 |
_aArchivio centrale dello Stato (Italy) _vCatalogs. _97999 |
| 650 | 0 |
_aBrigands and robbers _zItaly _xHistory _xSources _vBibliography _vCatalogs. _98000 |
|
| 651 | 0 |
_aItaly _xHistory _xSources _vBibliography _vCatalogs. _98001 |
|
| 830 | 0 |
_aPubblicazioni degli Archivi di Stato : _pStrumenti ; _v139 _98002 |
|
| 999 |
_c2381 _d2381 |
||